The Overworked American (Record no. 3110)

MARC details
000 -LEADER
fixed length control field 00325nam a22001337a 4500
008 - FIXED-LENGTH DATA ELEMENTS--GENERAL INFORMATION
fixed length control field 250422b |||||||| |||| 00| 0 eng d
020 ## - INTERNATIONAL STANDARD BOOK NUMBER
ISBN 0465054331
100 ## - MAIN ENTRY--AUTHOR
Author SCHOR, B. Juliet
245 ## - TITLE STATEMENT
Title The Overworked American
260 ## - PUBLICATION, DISTRIBUTION, ETC. (IMPRINT)
Place of publication U.S.A
Name of publisher Basic Books
Date of publication 1991
300 ## - COLLATION
Pagination xvii, 247p.
942 ## - ADDED ENTRY ELEMENTS (KOHA)
Item type Books
050 ## - LIBRARY OF CONGRESS CALL NUMBER
Classification number HD4904.6
Item number .S34
Holdings
Source of classification or shelving scheme Not for loan Permanent location Current location Date acquired Accession No. Full call number Barcode. Koha item type
Library of Congress Classification   Samuel Ogbemudia Main Library, University of Abuja Samuel Ogbemudia Main Library, University of Abuja 04/22/2025 2017-49810 HD4904.6.S34 2025-1526 Books